Sang Sawa tujuh ruas

Bibliographic Details
Main Author: Borhan Samin
Format: Book
Published: Selangor : Anugerah Publications , 2006
Series:Pengajaran dari alam haiwan
Subjects:

MARC

LEADER 00000cam a2200000 7i4500
001 0000000486
005 20151222.0
008 070702
020 |a 9833567096(set) 
020 |a 9833567169 
090 0 0 |a JF   |b NH MAL (544) 
100 0 |a Borhan Samin 
245 1 0 |a Sang Sawa tujuh ruas   |c Borhan Samin 
260 |a Selangor :   |b Anugerah Publications ,   |c 2006 
440 |a Pengajaran dari alam haiwan 
500 |a Children ages 7-9 years old (orange) 
650 0 |a Malay language   |x Readers   |x Animals 
999 |a 0000959515   |b Book   |c Children Collection   |e Cawangan Mersing 
999 |a 0000959516   |b Book   |c Children Collection   |e Perbadanan Perpustakaan Awam Johor 
999 |a 0000959517   |b Book   |c Children Collection   |e Cawangan Mersing 
999 |a 0000977279   |b Book   |c Children Collection   |e Perbadanan Perpustakaan Awam Johor 
999 |a 0000977280   |b Book   |c Children Collection   |e Cawangan Muar 
999 |a 0000977281   |b Book   |c Children Collection   |e Cawangan Bandar Tenggara 
999 |a 0000977282   |b Book   |c Children Collection   |e Cawangan Kota Tinggi 
999 |a 0000977283   |b Book   |c Children Collection   |e Perbadanan Perpustakaan Awam Johor